00277nam a22001097a 4500020001700000082000800017100002100025245004800046260005000094300000900144650001400153 a978817596156 a540 aMatthews ,Philip aAdvanced Chemistry Physical and Industrial  aSouth IndiabCambridge University Pressc1978 a976p aChemistry